Statistics for Top Selling Car (or truck) Brand By US State

Click here to take the quiz!

General Stats

  • This quiz has been taken 14 times
  • The average score is 20 of 52

Answer Stats

StateBrand% Correct
AlabamaFord
100%
ColoradoFord
50%
DelawareFord
50%
OklahomaFord
42%
MissouriFord
42%
NebraskaFord
42%
New HampshireFord
42%
New MexicoFord
42%
North CarolinaFord
42%
North DakotaFord
42%
OhioFord
42%
South CarolinaFord
42%
PennsylvaniaFord
42%
MichiganFord
42%
South DakotaFord
42%
TennesseeFord
42%
TexasFord
42%
UtahFord
42%
VermontFord
42%
VirginiaFord
42%
MississippiFord
42%
MontanaFord
42%
KansasFord
42%
MaineFord
42%
LouisianaFord
42%
GeorgiaFord
42%
IllinoisFord
42%
IdahoFord
42%
MinnesotaChevrolet
33%
IowaChevrolet
33%
IndianaChevrolet
33%
WisconsinFord
33%
West VirginiaFord
33%
CaliforniaHonda
33%
ConnecticutHonda
33%
New JerseyHonda
33%
New YorkHonda
33%
MassachusettsToyota
33%
D.CToyota
33%
FloridaToyota
33%
OregonToyota
33%
Rhode IslandToyota
33%
HawaiiToyota
33%
MarylandToyota
33%
KentuckyChevrolet
25%
ArkansasRam
25%
ArizonaRam
25%
AlaskaRam
25%
Puerto RicoToyota
25%
WashingtonToyota
25%
NevadaRam
17%
WyomingRam
8%

Score Distribution

Percentile by Number Answered

Percent of People with Each Score

Your Score History

You have not taken this quiz